000 00681nam a2200241 i 4500
001 bgj
245 1 0 _aHandbuch der Historischen Stätten Deutschlands.
_chrsg. von Erich Weise.
_pOst- und Westpreussen /
260 _aStuttgart :
_bAlfred Kröner Verlag,
_c1981.
300 _aLXIX, 284 s. :
_bmapy ;
_c18 cm.
490 1 _aKröners Taschenausgabe
_vBand 317
504 _aIndeks.
651 9 _aNiemcy
_xhistoria
700 1 _aWEISE, Erich.
830 _aKröners Taschenausgabe
020 _a352031701X
040 _cBPK
041 0 _ager
044 _aDEU
080 _a94(430)
920 _a3-520-31701-X
942 _cKS
008 s gw f |000 0 ger
999 _c49988
_d49988
856 _uhttp://koha.tu.koszalin.pl/cgi-bin/koha/opac-detail.pl?biblionumber=49988
_yKatalog online BPK